Okolí Brna
| Korporativní autor: | Kartografické nakladatelství (Praha, Česko) |
|---|---|
| Další autoři: | Beneš, Ivan, Guth, Václav, Přidal, Josef, Vahala, Miroslav, Brabec, Z., Pernica, M., Vršťala, Josef, 1928-, Český svaz turistů. Ústřední výbor, Kartografie Praha (firma) |
| Jazyk: | Ruština Němčina Čeština Angličtina |
| Vydáno: |
Praha : Kartografické nakladatelství za spolupráce Ústředního výboru Českého svazu turistů, 1970 |
| Vydání: | 2. vyd. |
| Edice: |
Soubor turistických map 1:100 000 (Kartografické nakladatelství)
|
| Témata: | |
| Fyzický popis: |
1 mapa : barev. ; 44 x 63 cm, na listu 44 x 73 cm, složeno na 22 x 11 cm |
| Language note: |
Legenda česky, rusky, anglicky a německy |
| LEADER | 02695nem a2200577 a 4500 | ||
|---|---|---|---|
| 001 | 000807435 | ||
| 003 | CZ BrMZK | ||
| 005 | 20140715072446.0 | ||
| 007 | aj|c|||| | ||
| 008 | 060131s1970 xr acg||||a |r|0|||cze d | ||
| 034 | 1 | |a a |b 100000 |d E0160858 |e E0170156 |f N0492536 |g N0490345 | |
| 040 | |a BOA001 |b cze |c BOA001 | ||
| 041 | 0 | |a cze |a rus |a eng |a ger | |
| 043 | |a e-xr--- |b e-xr-jm |2 czenas | ||
| 072 | 7 | |a 796 |x Sport. Hry. Tělesná cvičení |2 Konspekt |9 20 | |
| 072 | 7 | |a 912 |x Mapy. Atlasy. Glóby |2 Konspekt |9 7 | |
| 080 | |a 796.51 |2 MRF | ||
| 080 | |a 796.5:625.711.8 |2 MRF | ||
| 080 | |a 913:338.483.1 |2 MRF | ||
| 080 | |a 913(437.322) |2 MRF | ||
| 080 | |a (084.3)796.5 |2 MRF | ||
| 245 | 0 | 0 | |a Okolí Brna |h [kartografický dokument] / |c zpracovala a vytiskla Kartografie Praha ; odpovědný redaktor Ivan Beneš ; technický redaktor Václav Guth ; spolupracovali: J. Přidal, M. Vahala ; 2. vyd. recenzovali: Z. Brabec, M. Pernica ; obálka: J. Vršťala |
| 250 | |a 2. vyd. | ||
| 255 | |a Měřítko 1:100 000 |c (16°08´58" v.d.--17°01´56" v.d./49°25´36" s.š.--49°03´45" s.š.) | ||
| 260 | |a Praha : |b Kartografické nakladatelství za spolupráce Ústředního výboru Českého svazu turistů, |c 1970 |f (Kartografie Praha) | ||
| 300 | |a 1 mapa : |b barev. ; |c 44 x 63 cm, na listu 44 x 73 cm, složeno na 22 x 11 cm | ||
| 490 | 1 | |a Soubor turistických map ; |v 15 | |
| 500 | |a Na rubu doprovodný text a obálkový titul | ||
| 546 | |a Legenda česky, rusky, anglicky a německy | ||
| 650 | 0 | 7 | |a pěší turistika |7 ph124864 |2 czenas |
| 650 | 0 | 7 | |a turistické trasy |7 ph606745 |2 czenas |
| 650 | 0 | 7 | |a turistické zajímavosti |7 ph126800 |2 czenas |
| 655 | 7 | |a turistické mapy |7 fd133737 |2 czenas | |
| 651 | 7 | |a Brno (Česko : oblast) |7 ge128414 |2 czenas | |
| 700 | 1 | |a Beneš, Ivan |7 mzk2009535293 |4 pbd | |
| 700 | 1 | |a Guth, Václav |4 red | |
| 700 | 1 | |a Přidal, Josef |7 xx0069629 |4 oth | |
| 700 | 1 | |a Vahala, Miroslav |7 jk01141102 |4 oth | |
| 700 | 1 | |a Brabec, Z. |4 rev | |
| 700 | 1 | |a Pernica, M. |4 rev | |
| 700 | 1 | |a Vršťala, Josef, |d 1928- |7 xx0175063 |4 bjd | |
| 710 | 2 | |a Kartografické nakladatelství (Praha, Česko) |4 pbl | |
| 710 | 1 | |a Český svaz turistů. |b Ústřední výbor |4 pbl | |
| 710 | 2 | |a Kartografie Praha (firma) |7 kn20010724363 |4 ctg |4 prt | |
| 830 | 0 | |a Soubor turistických map 1:100 000 (Kartografické nakladatelství) |0 s | |
| 910 | |a BOA001 |b Skř.9A-0589.377-70 |b Skř.9A-0589.376-70 |b PK-0048.184-70 | ||
| 920 | |a 000331116 | ||
| 990 | |a MP | ||
| 991 | |b 201406 | ||
| 996 | 6 | |b 2619016238 |c Skř.9A-0589.376-70 |l MZK |r Sklad / do 24 hodin |n 0 |w 000807435 |u 000020 |a 1 |e BOA001 |j MZK50 |s P | |
| 996 | 7 | |b 3119802799 |c PK-0048.184-70 |l MZK |r Sklad / do 1 hodiny |n 0 |w 000807435 |u 000030 |a 1 |e BOA001 |j MZK50 |s A | |
English
Čeština 